Conceptions of God in ancient Egypt : the one and the many /

محفوظ في:

المؤلف الرئيسي: Hornung, Erik (مؤلف)

مؤلفون آخرون: Baines, John, 1946-

التنسيق: كتاب

اللغة: English

منشور في: London : Routledge & Kegan Paul, 1983.

الموضوعات:

الوسوم: إضافة وسم

لا توجد وسوم, كن أول من يضع وسما على هذه التسجيلة!

رقم الطلب: BL2450 .G6 H6713 1983

LEADER 00898nam a2200277 a 4500
001 3564
003 OSt
005 20251006081000.0
008 130303s1982 nyua b 001 0 eng d
010 |a 82071602 
020 |a 0710094817 
020 |a 9780710094810 
040 |c ARCE Library 
050 4 |a BL2450 .G6 H6713 1983 
100 1 |a Hornung, Erik,  |e author  |9 32271 
240 1 0 |a Eine und die Vielen.  |l English 
245 1 0 |a Conceptions of God in ancient Egypt :  |b the one and the many /  |c Erik Hornung ; translated by John Baines. 
264 1 |a London :   |b Routledge & Kegan Paul,   |c 1983. 
300 |a 296 pages :  |b illustrations ;  |c 23 cm. 
500 |a Translation, with revisions, of : Der Eine und die Vielen. 
504 |a Includes bibliographical references and index. 
650 0 |a Gods, Egyptian. 
700 1 |a Baines, John,  |d 1946- 
901 |a reviewed 
942 |c BK  |2 lcc 
999 |c 7881  |d 7881